| 000 | 01088nam a22002537a 4500 | ||
|---|---|---|---|
| 005 | 20090624114014.0 | ||
| 008 | 090624t xxu||||| |||| 00| 0 eng d | ||
| 010 | _aENG-94219 | ||
| 020 |
_a9788183563758 _c500.00 |
||
| 035 | _aEN-77752 | ||
| 037 | _bDBAD / VEN | ||
| 040 |
_adpl _bEnglish |
||
| 082 | _a370.71 | ||
| 100 | _aMajeti Jaya Lakshmi | ||
| 245 |
_aMicroteaching and prospective teachers / _cby Majeti Jaya Lakshmi; edited by Digumarti Bhaskara Rao |
||
| 260 |
_aNew Delhi _bDiscovery Publishing House _c2009 |
||
| 270 |
_a4831/24, Ansari Road, Prahlad Street, Darya Ganj, _bNew Delhi _e110002 |
||
| 300 |
_a173p. _c22cm(Hb) |
||
| 500 | _aIncludes bibliographical references and index | ||
| 700 | _aRao, Digumarti Bhaskara | ||
| 942 |
_2ddc _cEN _mMAJ _h370.71 |
||
| 999 |
_c27835 _d27835 |
||